000 00337pab a2200145 454500
008 180718b2001 xxu||||| |||| 00| 0 eng d
100 _aGhosh, Arun
245 _aGlobalisation and its paradoxes
260 _c2001
300 _ap.14
362 _a9 Jan
650 _aGlobalization
773 _aHindu (Business Line)
909 _a48578
999 _c48578
_d48578